000 00576nam a2200229Ia 4500
003 OSt
005 20220918192706.0
006 a|||||r|||| 00| 0
007 ta
008 220917b |||||||| |||| 00| 0 eng d
024 _a69,655
037 _cTextual
040 _aARTS
_cARTS
_beng
041 _2eng
_aeng
082 _aQv2:C, J6
100 _aMehta P D
_979812
245 0 _aEarly Indian religious thought
_b an introduction and essay
260 _c1956
650 _aRELIGION
942 _hQv2:C, J6
_cTEXL
_2CC
999 _c195788
_d195788